Pelit - Statistics

Yleistilastot
  • Tätä visaa on pelattu 113 kertaa
  • Keskiarvotulos 12 / 37
Vastaustilastot
Kuvavisa Vastaus % Oikein
Monopoly
93%
Uno
93%
Kimble
91%
Alias
82%
Domino
79%
Muuttuva labyrintti
75%
Bingo
71%
Trivial pursuit
71%
Yatzy
53%
Blokus
52%
Smart10
45%
Choco
38%
Haaste2
38%
Scrabble
37%
Carcassone
36%
Cluedo
32%
Ticket to ride/Menolippu
27%
Rummikub
23%
Mastermind
19%
Othello
18%
Ubongo
18%
Hotel
17%
Myyräpeli/Under the ground
12%
Second chance
9%
Bang
8%
Port royal
6%
Concept
4%
Palkkapäivä
4%
Tieto, taito ja temppu
4%
Candy land
3%
Kanaset
3%
Pomppivat kanit
3%
Fits
2%
Combo color
1%
Copenhagen
1%
Match madness
1%
Zakpak
1%
Ehtoja vastaavia visoja ei löytynyt
Tulosjakauma
Jokaisen tuloksen saaneiden osuus
Persentiili vastausten määrän mukaan
Tuloshistoriasi
Et ole pelannut tätä visaa